Every inhabited overseas territory of the world - Statistics

General Stats
  • This quiz has been taken 70 times
  • The average score is 28 of 40
Answer Stats
Country Continent of Territory Territory name % Correct
Denmark North America Greenland
94%
United Kingdom Europe Gibraltar
89%
France North America Saint Martin
87%
Netherlands North America Sint Maarten
87%
Netherlands North America Aruba
85%
Denmark Europe Faroe Islands
83%
Netherlands North America Curaçao
81%
United States Oceania Guam
81%
United Kingdom North America British Virgin Islands
79%
Australia Asia Christmas Island
79%
United Kingdom South America Falkland Islands
79%
United States North America United States Virgin Islands
79%
United Kingdom North America Bermuda
77%
New Zealand Oceania Cook Islands
77%
New Zealand Oceania Niue
77%
United States North America Puerto Rico
77%
France Oceania French Polynesia
75%
United Kingdom Europe Isle of Man
75%
United Kingdom Europe Guernsey
74%
United Kingdom Europe Jersey
74%
Norway Europe Svalbard
74%
France Oceania New Caledonia
70%
United Kingdom North America Montserrat
68%
United Kingdom Oceania Pitcairn Islands
68%
United Kingdom Africa Saint Helena, Ascension and Tristan da Cunha
68%
United Kingdom North America Anguilla
66%
United Kingdom North America Cayman Islands
66%
Australia Asia Cocos (Keeling) Islands
66%
China Asia Hong Kong
66%
China Asia Macau
66%
United States Oceania American Samoa
64%
United States Oceania Northern Mariana Islands
62%
Finland Europe Åland Islands
60%
United Kingdom North America Turks and Caicos Islands
60%
New Zealand Oceania Tokelau
55%
France North America Saint Barthélemy
51%
France North America Saint Pierre and Miquelon
51%
Australia Oceania Norfolk Island
49%
France Oceania Wallis and Futuna
49%
United Kingdom Europe Akrotiri and Dhekelia
47%
No matching quizzes found
Score Distribution
Percent of People with Each Score
Percentile by Number Answered
Your Score History
You have not taken this quiz